| 000 | 01248 a2200241 4500 | ||
|---|---|---|---|
| 003 | Nust | ||
| 005 | 20230830094628.0 | ||
| 010 | _a 99021677 | ||
| 020 | _c0890068305 (alk. paper) | ||
| 035 | _a(DLC) 99021677 | ||
| 040 | _cNust | ||
| 082 | 0 | 0 | _a621.3813,MON |
| 100 | 1 |
_aMongia, Rajesh. _996997 |
|
| 245 | 1 | 0 |
_aRF and microwave coupled-line circuits / _cRajesh Mongia, Inder Bahl, Prakash Bhartia. |
| 260 |
_aBoston : _bArtech House, _cc1999. |
||
| 300 |
_axviii, 520 p. : _bill. ; _c24 cm. |
||
| 505 |
_aIntroduction (Page-1), Microwave Network Theory (Page-23), Characteristics of Planar Transmission Lines (Page-65), Analysis of Uniformly Coupled Lines (Page-123), Broadband Forward-Wave Directional Couplers (Page-161), Parallel-Coupled TEM Directional Couplers (Page-181), Nonuniform Broadband TEM Directional Couplers (Page-219), Tight Couplers (Page-243), Coupled-Line Filters (Page-305), Coupled-Line Circuit Components (Page-353), Baluns (Page-391), High-Speed Circuit Interconnects(Page-447), Multiconductor Transmission Lines(Page-475), _r |
||
| 650 | 0 |
_aElectric network analysis. _910704 |
|
| 650 | 0 | _aTelecommunication Engineering. | |
| 700 | 1 |
_aBahl, I. J. _996998 |
|
| 700 | 1 |
_aBhartia, P. _996999 |
|
| 942 |
_cREF _2ddc |
||
| 999 |
_c178614 _d178614 |
||